| 000 | 00519nam a2200181Ia 4500 | ||
|---|---|---|---|
| 999 |
_c29195 _d29195 |
||
| 003 | OSt | ||
| 005 | 20201231123111.0 | ||
| 008 | 190216s9999||||xx |||||||||||||| ||und|| | ||
| 020 | _a9788126414543 | ||
| 040 | _coclc | ||
| 082 |
_a920 _bMAD/D |
||
| 100 |
_aMadayi, Thaha _96729 |
||
| 245 | 0 |
_aDesamae Desamae Evarude Jeevitha Varthamanam Kelkku / _cThaha Madai |
|
| 260 |
_bD C Books, _aKottayam: _c2007. |
||
| 300 | _a134p | ||
| 650 | _aAthmakadha | ||
| 942 |
_cBK _2ddc _h920 _iMAD/D _k920 _mMAD/D |
||